000 00894nam a2200241 a 4500
001 67302
003 BD-RjUL
005 20211209081633.0
008 170323s1960 enkab b 001 0 eng d
035 _a(BD-RjUL)67433
040 _aDLC
_cVA@
_dSER
_dUKM
_dBD-RjUL
_beng
041 _aeng
082 _a799.096894
_223
_bDAW 1960
100 1 _aDarling, F. Fraser
_q(Frank Fraser),
_d1903-1979.
_9199405
245 1 0 _aWild life in an African Territory :
_ba study made for the Game and Tsetse Control Department of Northern Rhodesia /
_cF. Fraser Darling.
260 _aLondon :
_bOxford University Press,
_c1960.
300 _aviii, 160 p. :
_bill. ;
_c23 cm.
504 _aIncludes index & bibliographies.
650 0 _aWildlife conservation
_zZambia.
_9199406
650 0 _aEcology
_zZambia.
_9199407
710 1 _aNorthern Rhodesia.
_bGame and Tsetse Control Department.
_9199408
942 _2ddc
_cBK
999 _c67302
_d67302